<?xml version="1.0" encoding="UTF-8"?>
<record
    xmlns:xsi="http://www.w3.org/2001/XMLSchema-instance"
    xsi:schemaLocation="http://www.loc.gov/MARC21/slim http://www.loc.gov/standards/marcxml/schema/MARC21slim.xsd"
    xmlns="http://www.loc.gov/MARC21/slim">

  <leader>03502nam a2200361 a 4500</leader>
  <controlfield tag="001">ebr10521443</controlfield>
  <controlfield tag="003">CaPaEBR</controlfield>
  <controlfield tag="006">m        u        </controlfield>
  <controlfield tag="007">cr cn|||||||||</controlfield>
  <controlfield tag="008">110314s2012    enk     sb    001 0 eng d</controlfield>
  <datafield tag="010" ind1=" " ind2=" ">
    <subfield code="z">  2011011048</subfield>
  </datafield>
  <datafield tag="020" ind1=" " ind2=" ">
    <subfield code="z">9781405175876 (hardcover : alk. paper)</subfield>
  </datafield>
  <datafield tag="020" ind1=" " ind2=" ">
    <subfield code="z">1405175877 (hardcover : alk. paper)</subfield>
  </datafield>
  <datafield tag="020" ind1=" " ind2=" ">
    <subfield code="z">9781444346398 (e-book)</subfield>
  </datafield>
  <datafield tag="040" ind1=" " ind2=" ">
    <subfield code="a">CaPaEBR</subfield>
    <subfield code="c">CaPaEBR</subfield>
  </datafield>
  <datafield tag="035" ind1=" " ind2=" ">
    <subfield code="a">(OCoLC)778431664</subfield>
  </datafield>
  <datafield tag="050" ind1="1" ind2="4">
    <subfield code="a">RC734.B7</subfield>
    <subfield code="b">F54 2012eb</subfield>
  </datafield>
  <datafield tag="082" ind1="0" ind2="4">
    <subfield code="a">616.2/307545</subfield>
    <subfield code="2">22</subfield>
  </datafield>
  <datafield tag="245" ind1="0" ind2="0">
    <subfield code="a">Flexible bronchoscopy</subfield>
    <subfield code="h">[electronic resource] /</subfield>
    <subfield code="c">edited by Ko-Pen Wang, Atul C. Mehta, J. Francis Turner, Jr.</subfield>
  </datafield>
  <datafield tag="250" ind1=" " ind2=" ">
    <subfield code="a">3rd ed.</subfield>
  </datafield>
  <datafield tag="260" ind1=" " ind2=" ">
    <subfield code="a">Chichester, West Sussex, U.K. :</subfield>
    <subfield code="b">Wiley-Blackwell,</subfield>
    <subfield code="c">2012.</subfield>
  </datafield>
  <datafield tag="300" ind1=" " ind2=" ">
    <subfield code="a">ix, 337 p.</subfield>
  </datafield>
  <datafield tag="504" ind1=" " ind2=" ">
    <subfield code="a">Includes bibliographical references and index.</subfield>
  </datafield>
  <datafield tag="505" ind1="8" ind2=" ">
    <subfield code="a">Bronchoscopy in the new millennium / Teruomi Miyazawa -- Infection control and radiation safety in the bronchoscopy suite / Prasoon Jain and Atul C. Mehta -- Examination of the larynx through the flexible bronchoscope / Arthur W. Sung -- Applied anatomy of the airways / Ko-Pen Wang, J. Francis Turner Jr., and Atul C. Mehta -- Anesthesia for flexible fiberoptic bronchoscopy / Gerard A. Silvestri -- Flexible bronchoscopy training / Momen M. Wahidi and Ali I. Musani -- Indications &amp; contraindications in flexible bronchoscopy / J. Francis Turner, Jr., Robert F. Browning, and Ko-Pen Wang -- Bronchoscopy for airway lesions / Heinrich D. Becker -- Bronchoscopic lung biopsy / Rajesh R. Patel and James P. Utz -- Bronchoalveolar lavage / Rick A. Helmers and Brian Palen -- Transbronchial needle aspiration for cytology and histology specimens / Prasoon Jain and Atul C. Mehta -- The utilization of autofluorescence in flexible bronchoscopy / Stephen C. T. Lam -- Applications &amp; limitations of endobronchial ultrasound / Heinrich D. Becker -- Virtual mapping and the application &amp; limitations of electromagnetic navigation system (superdimension) / Fumihiro Asano and Yehuda A. Schwarz -- Applications of laser, electrocautery, argon plasma coagulation, and cryotherapy in flexible bronchoscopy / Praveen N. Mathur and Atul C. Mehta -- Flexible bronchoscopy and the application of endobronchial brachytherapy, fiducial placement, and radiofrequency ablation / Michael A. Jantz -- Bronchoscopy in foreign body removal / Erik Folch and Atul C. Mehta -- The role of bronchoscopy in hemoptysis / James K. Stroller -- Flexible bronchoscopy and the use of stents / Atul C. Mehta, J. Francis Turner Jr., and Ko-Pen Wang -- Photodynamic therapy / Harubumi Kato -- Balloon bronchoplasty / Kevin L. Kovitz -- Rigid bronchoscopy / J. Francis Turner, Jr. and Ko-Pen Wang -- Pediatric flexible bronchoscopy for adult bronchoscopists / Xicheng Liu -- Flexible bronchoscopy in the ICU / Alex Chen and Marian H. Kollef -- Bronchoscopy in obstructive lung disease and the use of endobronchial valves and bronchial thermoplasty / Michael J. Simoff and Daniel H. Sterman.</subfield>
  </datafield>
  <datafield tag="533" ind1=" " ind2=" ">
    <subfield code="a">Electronic reproduction.</subfield>
    <subfield code="b">Palo Alto, Calif. :</subfield>
    <subfield code="c">ebrary,</subfield>
    <subfield code="d">2012.</subfield>
    <subfield code="n">Available via World Wide Web.</subfield>
    <subfield code="n">Access may be limited to ebrary affiliated libraries.</subfield>
  </datafield>
  <datafield tag="650" ind1=" " ind2="0">
    <subfield code="a">Bronchoscopy.</subfield>
  </datafield>
  <datafield tag="655" ind1=" " ind2="7">
    <subfield code="a">Electronic books.</subfield>
    <subfield code="2">local</subfield>
  </datafield>
  <datafield tag="700" ind1="1" ind2=" ">
    <subfield code="a">Wang, Ko Pen.</subfield>
  </datafield>
  <datafield tag="700" ind1="1" ind2=" ">
    <subfield code="a">Mehta, Atul C.</subfield>
  </datafield>
  <datafield tag="700" ind1="1" ind2=" ">
    <subfield code="a">Turner, J. Francis.</subfield>
  </datafield>
  <datafield tag="710" ind1="2" ind2=" ">
    <subfield code="a">ebrary, Inc.</subfield>
  </datafield>
  <datafield tag="856" ind1="4" ind2="0">
    <subfield code="u">http://site.ebrary.com/lib/rucke/Doc?id=10521443</subfield>
    <subfield code="z">An electronic book accessible through the World Wide Web; click to view</subfield>
  </datafield>
  <datafield tag="999" ind1=" " ind2=" ">
    <subfield code="c">141432</subfield>
    <subfield code="d">141432</subfield>
  </datafield>
</record>
